000 00308nam a22001457a 4500
008 210511b ||||| |||| 00| 0 eng d
020 _a2900763757426
041 _aeng
080 _a61
082 _a61
100 _a4
101 _aSHM
245 _aMulticultural Health
_cRitter,L.A
942 _2udc
_cBK
999 _c57168
_d57168